| 000 | 00494nam a22001577a 4500 | ||
|---|---|---|---|
| 082 |
_a621.41 _bDUR |
||
| 100 |
_aDur e Sabi (364277) _9126314 |
||
| 245 | _aIntegration of Fuel Cell with Renewable Energy Resources in a Microgrid Setup for an Off-Grid Community/ | ||
| 264 |
_aIslamabad : _bUSPCAS-E, NUST _cSeptember, 2024. |
||
| 300 |
_axv, 66 p. _e+CD |
||
| 520 | _aTH-584 | ||
| 650 | _aMS ESE Thesis | ||
| 650 |
_aMS Thesis _918721 |
||
| 700 |
_a Dr. Majid Ali _929033 |
||
| 942 |
_2ddc _cTHE |
||
| 999 |
_c612013 _d612013 |
||